UBT Library

Value investing today / (Record no. 594)

000 -LEADER
fixed length control field 00525nam a22002057a 4500
008 - FIXED-LENGTH DATA ELEMENTS--GENERAL INFORMATION
fixed length control field 150330b xxu||||| |||| 00| 0 eng d
020 ## - INTERNATIONAL STANDARD BOOK NUMBER
International Standard Book Number 9780071417389
041 0# - LANGUAGE CODE
Language code of text/sound track or separate title eng
080 ## - UNIVERSAL DECIMAL CLASSIFICATION NUMBER
Universal Decimal Classification number 658.15
100 1# - Rafti
Rafti Brandes, Charles H.
245 10 - TITLE STATEMENT
Title Value investing today /
Statement of responsibility, etc Charles H. Brandes.
250 ## -
-- 3rd ed.
260 ## -
-- New York :
-- McGraw-Hill,
-- 2004.
300 ## -
-- 220 f.:
-- me il.;
-- 24 cm.
500 ## -
-- Preface: f.IX-X1
505 ## -
-- Index: f.211-220
650 #0 -
-- Stok
650 #0 -
-- Investime
942 ## - ADDED ENTRY ELEMENTS (KOHA)
Source of classification or shelving scheme
Item type Books
Holdings
Withdrawn status Lost status Source of classification or shelving scheme Damaged status Not for loan Collection code Permanent location Current location Shelving location Date acquired Total Checkouts Full call number Barcode Date last seen Koha item type Price effective from
          Koleksioni i përgjithshem UBT - Lipjan UBT - Lipjan Koleksioni i përgjithshem 03/30/2015   658.15 BRA 002-015081 03/30/2015 Books  
          Koleksioni i përgjithshem UBT - Lipjan UBT - Lipjan Koleksioni i përgjithshem 02/19/2016   658.15 BRA 002-015086 02/19/2016 Books 02/19/2016
          Koleksioni i përgjithshem UBT - Lipjan UBT - Lipjan Koleksioni i përgjithshem 02/19/2016   658.15 BRA 002-015087 02/19/2016 Books 02/19/2016
          Koleksioni i përgjithshem UBT - Lipjan UBT - Lipjan Koleksioni i përgjithshem 02/19/2016   658.15 BRA 002-019229 11/08/2017 Books 02/19/2016
          Koleksioni i përgjithshem UBT - Lipjan UBT - Lipjan Koleksioni i përgjithshem 02/19/2016   658.15 BRA 002-019230 02/19/2016 Books 02/19/2016
          Koleksioni i përgjithshem UBT - Lipjan UBT - Lipjan Koleksioni i përgjithshem 02/19/2016   658.15 BRA 002-019231 02/19/2016 Books 02/19/2016
          Koleksioni i përgjithshem UBT - Lipjan UBT - Lipjan Koleksioni i përgjithshem 02/19/2016   658.15 BRA 002-019232 02/19/2016 Books 02/19/2016
          Koleksioni i përgjithshem UBT - Lipjan UBT - Lipjan Koleksioni i përgjithshem 02/19/2016   658.15 BRA 002-019233 02/19/2016 Books 02/19/2016
          Koleksioni i përgjithshem UBT - Lipjan UBT - Lipjan Koleksioni i përgjithshem 02/19/2016   658.15 BRA 002-019234 02/19/2016 Books 02/19/2016
          Koleksioni i përgjithshem UBT - Lipjan UBT - Lipjan Koleksioni i përgjithshem 02/19/2016   658.15 BRA 002-019235 02/19/2016 Books 02/19/2016
          Koleksioni i përgjithshem UBT - Lipjan UBT - Lipjan Koleksioni i përgjithshem 02/19/2016   658.15 BRA 002-019236 02/19/2016 Books 02/19/2016
          Koleksioni i përgjithshem UBT - Lipjan UBT - Lipjan Koleksioni i përgjithshem 02/19/2016   658.15 BRA 002-019237 02/19/2016 Books 02/19/2016
          Koleksioni i përgjithshem UBT - Lipjan UBT - Lipjan Koleksioni i përgjithshem 02/19/2016   658.15 BRA 002-019238 02/19/2016 Books 02/19/2016
          Koleksioni i përgjithshem UBT - Lipjan UBT - Lipjan Koleksioni i përgjithshem 02/19/2016   658.15 BRA 002-019239 02/19/2016 Books 02/19/2016
          Koleksioni i përgjithshem UBT - Lipjan UBT - Lipjan Koleksioni i përgjithshem 02/19/2016   658.15 BRA 002-019240 02/19/2016 Books 02/19/2016
          Koleksioni i përgjithshem UBT - Lipjan UBT - Lipjan Koleksioni i përgjithshem 02/19/2016   658.15 BRA 002-019241 02/19/2016 Books 02/19/2016
          Koleksioni i përgjithshem UBT - Lipjan UBT - Lipjan Koleksioni i përgjithshem 02/19/2016   658.15 BRA 002-019242 02/19/2016 Books 02/19/2016
          Koleksioni i përgjithshem UBT - Lipjan UBT - Lipjan Koleksioni i përgjithshem 02/19/2016   658.15 BRA 002-019243 02/19/2016 Books 02/19/2016
          Koleksioni i përgjithshem UBT - Lipjan UBT - Lipjan Koleksioni i përgjithshem 10/13/2017   336 BRA 002-2931019 10/13/2017 Books 10/13/2017
          Koleksioni i përgjithshem UBT - Lipjan UBT - Lipjan Koleksioni i përgjithshem 11/08/2017   336 BRA 002-2937574 11/08/2017 Books 11/08/2017
          Koleksioni i përgjithshem UBT - Lipjan UBT - Lipjan Koleksioni i përgjithshem 11/08/2017   336 BRA 002-2937579 11/08/2017 Books 11/08/2017
          Koleksioni i përgjithshem UBT - Lipjan UBT - Lipjan Koleksioni i përgjithshem 11/08/2017   336 BRA 002-2937584 11/08/2017 Books 11/08/2017
          Koleksioni i përgjithshem UBT - Lipjan UBT - Lipjan Koleksioni i përgjithshem 11/08/2017   336 BRA 002-2937589 11/08/2017 Books 11/08/2017
          Koleksioni i përgjithshem UBT - Lipjan UBT - Lipjan Koleksioni i përgjithshem 11/08/2017   336 BRA 002-2937594 11/08/2017 Books 11/08/2017
          Koleksioni i përgjithshem UBT - Lipjan UBT - Lipjan Koleksioni i përgjithshem 11/08/2017   336 BRA 002-2937599 11/08/2017 Books 11/08/2017
          Koleksioni i përgjithshem UBT - Lipjan UBT - Lipjan Koleksioni i përgjithshem 11/08/2017   336 BRA 002-2937583 11/08/2017 Books 11/08/2017
          Koleksioni i përgjithshem UBT - Lipjan UBT - Lipjan Koleksioni i përgjithshem 11/08/2017   336 BRA 002-2937588 11/08/2017 Books 11/08/2017
          Koleksioni i përgjithshem UBT - Lipjan UBT - Lipjan Koleksioni i përgjithshem 11/08/2017   336 BRA 002-2937593 11/08/2017 Books 11/08/2017
          Koleksioni i përgjithshem UBT - Lipjan UBT - Lipjan Koleksioni i përgjithshem 11/08/2017   336 BRA 002-2937598 11/08/2017 Books 11/08/2017
          Koleksioni i përgjithshem UBT - Lipjan UBT - Lipjan Koleksioni i përgjithshem 11/08/2017   336 BRA 002-2937603 11/08/2017 Books 11/08/2017
          Koleksioni i përgjithshem UBT - Lipjan UBT - Lipjan Koleksioni i përgjithshem 11/08/2017   336 BRA 002-2937608 11/08/2017 Books 11/08/2017
          Koleksioni i përgjithshem UBT - Lipjan UBT - Lipjan Koleksioni i përgjithshem 11/08/2017   336 BRA 002-2937613 11/08/2017 Books 11/08/2017
          Koleksioni i përgjithshem UBT - Lipjan UBT - Lipjan Koleksioni i përgjithshem 11/08/2017   336 BRA 002-2937618 11/08/2017 Books 11/08/2017
          Koleksioni i përgjithshem UBT - Lipjan UBT - Lipjan Koleksioni i përgjithshem 11/08/2017   336 BRA 002-2937623 11/08/2017 Books 11/08/2017
          Koleksioni i përgjithshem UBT - Lipjan UBT - Lipjan Koleksioni i përgjithshem 11/08/2017   336 BRA 002-2937628 11/08/2017 Books 11/08/2017
UBT Library © 2015-2024. All rights reserved University Education for Business and Technology